| 000 | 01747nam0a2200349 4500 | ||
|---|---|---|---|
| 001 | RU\NLR\bibl\834565 | ||
| 005 | 20260405230215.0 | ||
| 010 |
_a5-85152-438-3 _9500 |
||
| 021 |
_aRU _b2005-42411 _92096 |
||
| 035 | _a(NLR Aleph) 000823415 | ||
| 090 |
_a1315524 _c1315524 |
||
| 100 | _a20050826d2004 |||y0rusy50 ca | ||
| 101 | 0 | _arus | |
| 102 | _aRU | ||
| 105 | _aa ||||||||| | ||
| 200 | 1 |
_aПрофессиональная среда государственной службы _eмонография _fТ.Г. Калачева, В.А. Мальцев, С.А. Тихонина |
|
| 210 |
_aНижний Новгород _cИзд-во Волго-Вятской академии государственной службы _d2004 |
||
| 215 |
_a111, [1] с. _cил. _d20 |
||
| 300 | _aВ вып. дан. авт.: Калачева Т.Г., Мальцев В.А., доктора социал. наук, профессора, Тихонина С.А., к.филос.н., доц. | ||
| 320 | _aБиблиогр.: с. 67-68 и в подстроч. примеч. | ||
| 606 | 1 |
_aГосударственная служба _yРоссийская Федерация _92077886 _3RU\NLR\auth\661253643 |
|
| 686 | _aХ621.02 | ||
| 700 | 1 |
_aКалачева _bТ. Г. _gТамара Григорьевна _4070 |
|
| 701 | 1 |
_4070 _7ca _8rus _aМальцев _bВ. А. _cд-р социол. наук, канд. техн. наук _f1946- _gВладимир Андреевич _987150 _3RU\NLR\auth\77104225 |
|
| 701 | 1 |
_aТихонина _bС. А. _gСветлана Алексеевна _4070 |
|
| 801 | 0 |
_aRU _bNLR _c20050826 _grcr |
|
| 801 | 1 |
_aRU _bNLR _c20050826 |
|
| 830 | _aАвт. по кн. | ||
| 942 | _cBOOK | ||
| 980 | _aNB | ||